Finland : Selected Issues and Analytical Notes.

This Selected Issues and Analytical Note on Finland discusses the potential spillovers to Finland from various shocks associated with cross-country interlinkages. The note provides an overview of the trade and financial linkages, assesses the impact of global fiscal consolidation on Finland via trad...

Full description

Bibliographic Details
Corporate Author: International Monetary Fund
Format: Journal
Language:English
Published: Washington, D.C. : International Monetary Fund, 2012.
Series:IMF Staff Country Reports; Country Report ; No. 2012/254
Online Access:Full text available on IMF
LEADER 01616cas a2200241 a 4500
001 AALejournalIMF012130
008 230101c9999 xx r poo 0 0eng d
020 |c 5.00 USD 
020 |z 9781475506013 
022 |a 1934-7685 
040 |a BD-DhAAL  |c BD-DhAAL 
110 2 |a International Monetary Fund. 
245 1 0 |a Finland :   |b Selected Issues and Analytical Notes. 
264 1 |a Washington, D.C. :  |b International Monetary Fund,  |c 2012. 
300 |a 1 online resource (90 pages) 
490 1 |a IMF Staff Country Reports 
500 |a <strong>Off-Campus Access:</strong> No User ID or Password Required 
500 |a <strong>On-Campus Access:</strong> No User ID or Password Required 
506 |a Electronic access restricted to authorized BRAC University faculty, staff and students 
520 3 |a This Selected Issues and Analytical Note on Finland discusses the potential spillovers to Finland from various shocks associated with cross-country interlinkages. The note provides an overview of the trade and financial linkages, assesses the impact of global fiscal consolidation on Finland via trade links, quantifies dynamic contributions from external sources to growth, and uses these contributions to forecast the potential loss to Finnish GDP from a growth slowdown in other European countries; and analyzes the potential impact from the banking sector or sovereign stress. 
538 |a Mode of access: Internet 
830 0 |a IMF Staff Country Reports; Country Report ;  |v No. 2012/254 
856 4 0 |z Full text available on IMF  |u http://elibrary.imf.org/view/journals/002/2012/254/002.2012.issue-254-en.xml  |z IMF e-Library